| 000 | 00657nam a2200241Ia 4500 | ||
|---|---|---|---|
| 005 | 20250425162155.0 | ||
| 008 | 250425s9999 xx 000 0 und d | ||
| 020 | _a844941797X | ||
| 041 | _aspa | ||
| 043 | _asp | ||
| 082 |
_a909.08 _pOCE |
||
| 110 | _aGrupo Editorial Océano | ||
| 245 | 0 | _aHistoria del mundo moderno : entre el renacimiento y la revolución francesa | |
| 250 | _aPrimera edición | ||
| 260 |
_aEspaña _bOCEANO _c2001 |
||
| 300 |
_a384 página _bilustración _c30 cm |
||
| 650 | _aFrancia - Historia | ||
| 650 | _aRenacimiento | ||
| 650 | _aRevolución | ||
| 902 |
_aMonográfico _cImpreso |
||
| 942 | _c01 | ||
| 010 | _a54288 | ||
| 999 |
_c223817 _d223817 |
||